[Event "Amber 2005 Rapid"]
[Site "Monaco MNC"]
[Date "2005.03.30"]
[Round "10.3"]
[White "Leko, Peter"]
[Black "Vallejo Pons, Francisco"]
[Result "1/2-1/2"]
[WhiteElo "2749"]
[BlackElo "2686"]
[PlyCount "134"]
[EventDate "23.03.19"]
[EventType "tourn (rapid)"]
[EventRounds "11"]
[EventCountry "MNC"]
[EventCategory "20"]
[Source "lmi"]
[SourceDate "2005.03.31"]

1. e4 c5 2. Nf3 d6 3. d4 cxd4 4. Nxd4 Nf6 5. Nc3 a6 6. f3 e5 7. Nb3 Be7 8. Be3
O-O 9. Qd2 Be6 10. O-O-O Nbd7 11. g4 b5 12. g5 b4 13. Ne2 Ne8 14. f4 a5 15. f5
a4 16. Nbd4 exd4 17. Nxd4 b3 18. Kb1 bxc2+ 19. Nxc2 Bb3 20. axb3 axb3 21. Na3
Ne5 22. h4 Ra5 23. Qe2 d5 24. Rxd5 Rxd5 25. exd5 Bxa3 26. bxa3 Nd6 27. Bc5 Re8
28. Bb4 Nxf5 29. Qd1 Ne3 30. Qxb3 Qxd5 31. Qxd5 Nxd5 32. Bd6 f5 33. gxf6 gxf6
34. Bg2 Ne3 35. Bxe5 Rxe5 36. Bc6 Kf7 37. a4 f5 38. Rc1 f4 39. Kb2 Ke7 40. Ka3
Nf5 41. Kb4 Nd4 42. Bb7 Kf6 43. a5 Rxa5 44. Be4 Ra7 45. Rf1 Ke5 46. Bh1 Nc2+
47. Kc3 Ne3 48. Rb1 Ra3+ 49. Kd2 Nc4+ 50. Ke2 Rh3 51. Rb5+ Kd4 52. Rd5+ Kc3 53.
Bf3 Rh2+ 54. Ke1 Rxh4 55. Be4 Rh2 56. Rd3+ Kb4 57. Rf3 Rh4 58. Bxh7 Ne5 59. Rf1
f3 60. Bb1 Rh2 61. Rf2 Rh1+ 62. Rf1 Rh2 63. Rf2 Rh4 64. Kd2 Rh1 65. Be4 Nc4+
66. Kc2 Ne3+ 67. Kd3 Nc4 1/2-1/2

[Event "Amber 2005 Rapid"]
[Site "Monaco MNC"]
[Date "2005.03.30"]
[Round "10.4"]
[White "Van Wely, Loek"]
[Black "Topalov, Veselin"]
[Result "1/2-1/2"]
[WhiteElo "2679"]
[BlackElo "2757"]
[PlyCount "58"]
[EventDate "23.03.19"]
[EventType "tourn (rapid)"]
[EventRounds "11"]
[EventCountry "MNC"]
[EventCategory "20"]
[Source "lmi"]
[SourceDate "2005.03.31"]

1. Nf3 d5 2. d4 Nf6 3. c4 e6 4. Nc3 dxc4 5. e4 Bb4 6. Bg5 c5 7. e5 cxd4 8. Nxd4
Qa5 9. exf6 Bxc3+ 10. bxc3 Qxg5 11. fxg7 Qxg7 12. Qd2 O-O 13. Bxc4 Rd8 14. Qe3
Bd7 15. O-O Nc6 16. Nf3 Ne7 17. Ne5 Bc6 18. Nxc6 Nxc6 19. Bd3 Ne7 20. Be4 Nd5
21. Bxd5 Rxd5 22. Rad1 Qe5 23. Qf3 Rad8 24. Rxd5 Rxd5 25. c4 Rd2 26. a4 Ra2 27.
Qxb7 Rxa4 28. Qb3 Ra1 29. g3 Rxf1+ 1/2-1/2

[Event "Amber 2005 Rapid"]
[Site "Monaco MNC"]
[Date "2005.03.30"]
[Round "10.5"]
[White "Svidler, Peter"]
[Black "Anand, Viswanathan"]
[Result "1/2-1/2"]
[WhiteElo "2735"]
[BlackElo "2786"]
[PlyCount "43"]
[EventDate "23.03.19"]
[EventType "tourn (rapid)"]
[EventRounds "11"]
[EventCountry "MNC"]
[EventCategory "20"]
[Source "lmi"]
[SourceDate "2005.03.31"]

1. e4 e6 2. d4 d5 3. Nc3 dxe4 4. Nxe4 Nd7 5. g3 Ngf6 6. Nxf6+ Nxf6 7. Bg2 e5 8.
Qe2 Qxd4 9. Nf3 Qd5 10. O-O Bd6 11. Re1 Bg4 12. h3 Bxf3 13. Bxf3 e4 14. Bxe4
Nxe4 15. Qxe4+ Qxe4 16. Rxe4+ Kd7 17. Bf4 Rhe8 18. Rd4 Re6 19. Rad1 Rae8 20.
Kf1 Kc6 21. Bxd6 Rxd6 22. Rxd6+ 1/2-1/2

[Event "Amber 2005 Rapid"]
[Site "Monaco MNC"]
[Date "2005.03.31"]
[Round "11.4"]
[White "Ivanchuk, Vassily"]
[Black "Bareev, Evgeny"]
[Result "1/2-1/2"]
[WhiteElo "2711"]
[BlackElo "2709"]
[PlyCount "110"]
[EventDate "23.03.19"]
[EventType "tourn (rapid)"]
[EventRounds "11"]
[EventCountry "MNC"]
[EventCategory "20"]
[Source "lmi"]
[SourceDate "2005.03.31"]

1. e4 c6 2. Nc3 d5 3. d4 dxe4 4. Nxe4 Bf5 5. Ng3 Bg6 6. h4 h6 7. Nf3 Nd7 8. h5
Bh7 9. Bd3 Bxd3 10. Qxd3 Ngf6 11. Bf4 Qa5+ 12. Bd2 Qc7 13. O-O-O e6 14. Ne4
O-O-O 15. g3 Nxe4 16. Qxe4 Bd6 17. Kb1 Rhe8 18. c4 Nf6 19. Qe2 c5 20. Bc3 cxd4
21. Nxd4 Qc5 22. g4 Qe5 23. f3 Qxe2 24. Nxe2 Bf8 25. Kc2 Nh7 26. Ng3 Rxd1 27.
Rxd1 Rd8 28. Rxd8+ Kxd8 29. Kd3 Kd7 30. b4 g6 31. c5 gxh5 32. Nxh5 a5 33. a3
axb4 34. axb4 b6 35. cxb6 Kc6 36. f4 Kxb6 37. Kc4 Kc6 38. b5+ Kb7 39. Bd4 Bd6
40. Kd3 f5 41. gxf5 exf5 42. Kc4 Nf8 43. Kd5 Bc7 44. Bg7 Ng6 45. Bxh6 Kb6 46.
Kc4 Kb7 47. Bg5 Bb8 48. Kc5 Ba7+ 49. Kd5 Bb8 50. Bh6 Kb6 51. Kc4 Kb7 52. Kb3
Kb6 53. Kb4 Kb7 54. Kc4 Bc7 55. Bg5 Bb8 1/2-1/2